000 00341nam a2200133Ia 4500
008 240624s9999 xx 000 0 und d
041 _aeng
082 _a658.4092 BLA
100 _aBLANCHARD KEN
245 _aLEADING AT A HIGHER LEVEL
260 _c2007
_aNew Delhi
_bPearson Education
300 _axxiv, : 355 : p. : cm. ; 23
365 _cRS
999 _c6212
_d6212